000 00619nam a2200229Ia 4500
003 OSt
005 20220924114607.0
006 a|||||r|||| 00| 0
007 ta
008 220923b |||||||| |||| 00| 0 urd d
024 _a321590
037 _cTextual
040 _aARTS
_cARTS
_burd
041 _2urd
_aurd
082 _aQ7:33, 168F7
100 _aHairat Mirza Au.
_9174435
245 0 _aDuniya ka aakhri Paighambar
260 _aBhopal
_bMahal Tabba Miya India
_c1927
650 _aPROPHETS
_94238
942 _hQ7:33, 168F7
_cTEXL
_2CC
999 _c394369
_d394369